00252 a2200109 4500001000700000020000600007040001100013100002800024240004300052245003800095362000900133168076 a  cMagnum aSilva, Thais Cristofaro10aFonetica e fonologia do portugueslpor10aFonetica e fonologia do portugues0 a1899